[Event "Copenhagen KS"]
[Site "Copenhagen"]
[Date "1996.??.??"]
[Round "3"]
[White "Schandorff, Lars"]
[Black "Parker, Jonathan"]
[Result "1-0"]
[WhiteElo "2495"]
[BlackElo "2470"]
[Annotator "Hansen,LB"]
[PlyCount "133"]
[EventDate "1996.07.05"]
[EventType "tourn"]
[EventRounds "9"]
[EventCountry "DEN"]
[EventCategory "10"]
[SourceTitle "CBM 055"]
[Source "ChessBase"]
[SourceDate "1996.12.01"]
[SourceVersion "1"]
[SourceVersionDate "1996.12.01"]
[SourceQuality "1"]

1. d4 {Kanstler} Nf6 2. c4 e6 3. Nc3 Bb4 4. Qc2 d5 5. cxd5 Qxd5 6. Nf3 Qf5 $5
7. Qd1 $5 c5 (7... Ne4 8. Bd2 Bxc3 (8... Nxd2 9. Qxd2 Nc6 10. a3 Bd6 11. e4 Qf4
12. e5 Qxd2+ 13. Kxd2 Be7 14. b4 f6 15. Bc4 fxe5 16. dxe5 Rf8 $13 {Savchenko,
S-Timoshenko,G/Kiev/1995/}) 9. Bxc3 Nxc3 10. bxc3 Qa5 11. Qc2 c5 12. e3 cxd4
13. exd4 Nd7 14. Bd3 Nf6 15. O-O O-O 16. Ne5 Qc7 17. Rae1 b6 18. Re3 $1 $36 {
Goldin,A-Yudasin,L/Rishon le Zion/!996/}) (7... e5 $5 8. g4 $5 Bxc3+ 9. bxc3
Nxg4 10. h3 Nxf2 $1 11. Kxf2 e4 12. Ba3 Nc6 13. Rg1 exf3 14. exf3 (14. e4 $5)
14... Be6 $15 {Jelen,I-Beljavsky,A/Bled/1996/}) 8. e3 cxd4 9. exd4 Ne4 (9...
O-O 10. Bd3 Qh5 11. O-O Nbd7 12. Ne2 Bd6 13. Bf4 Bxf4 14. Nxf4 Qh6 15. g3 (15.
Nh3 Nb6 16. Ne5 Bd7 17. f4 Rad8 18. Ng5 g6 19. Rf3 Bc8 20. Rc1 $16 {Kharlov,
A-Kholmov,R/Elista RUS-ch/1995/}) 15... b6 16. Rc1 Bb7 17. Rc7 $14 {Gelfand,
B-Zviagintsev,V/Biel/1995/}) 10. Bd2 Nc6 (10... Nxd2 11. Qxd2 O-O 12. Bd3 Qa5
13. O-O Nc6 14. Rfe1 Bd7 15. a3 Bxc3 16. bxc3 Rac8 $13 {Ivanov,S-Nepomnishay,M/
St. Petersburg/1996/}) 11. Bd3 $1 $146 {An important novelty, discovered by
Chandler.} (11. a3 Bxc3 12. bxc3 Bd7 $36 {Timman,J-Short,N/Horgen/1995/} (12...
Bd7 {Kanstler} 13. Qc2 $6 (13. Bd3 $5 Nxf2 14. Bxf5 Nxd1 15. Kxd1 exf5 16. Re1+
Kd8 17. c4 $44) 13... Rc8 $1 14. Bd3 $6 Nxd4 15. Nxd4 Qxf2+ 16. Kd1 Nc5 $17 {
Timman,J-Short,N/Horgen/1995/0:1/31/})) 11... Nxf2 (11... Nxc3 $5 {Kanstler}
12. Bxc3 Qa5 (12... Bxc3+ 13. bxc3 Qa5 14. Qc2 $14) 13. Qc2 $5 (13. Qb3 $5) (
13. Qd2 $5 $14) 13... h6 14. O-O $14) (11... Bxc3 $5 12. bxc3 $5 (12. Bxc3 Qd5
13. O-O $14) 12... Nxf2 13. Bxf5 Nxd1 14. Kxd1 exf5 15. Re1+ Kd8 16. c4 $13)
12. Bxf5 Nxd1 13. Rxd1 exf5 (13... Bxc3 14. Bxc3 exf5 15. d5 Nb8 16. O-O $1 $36
{Chandler} (16. Bxg7 Rg8 $13)) 14. d5 Nd8 (14... Ne7 15. Nb5 $1 Bxd2+ (15...
Nxd5 $2 {Kanstler} 16. Bxb4 Nxb4 17. Nc7+ $18) 16. Rxd2 $16) 15. Nb5 $1 Bxd2+
16. Rxd2 O-O 17. O-O {Black has very bad piece koordination. The o^ is very
strong.} b6 18. Re1 Nb7 19. Re7 Nc5 20. Ne5 a5 21. Nc7 Rb8 22. d6 $16 {o^} Bb7
23. d7 {/\24.Nf7 Rf7 25.d8Q+-/} Rbd8 24. Nc4 $1 Bc6 25. Nxb6 Rb8 26. Rd6 $1
Nxd7 $6 (26... Be4 {/\ Nb7-d8}) (26... Rxb6 $2 {Kanstler} 27. d8=Q $18) (26...
Be4 $32 {Kanstler} 27. Re5 $16) 27. Nxd7 Bxd7 28. Rexd7 $1 Rxb2 29. Rd2 Rxd2
30. Rxd2 $18 Rc8 31. Nd5 Kf8 32. Kf2 g6 33. g3 Rc4 34. Kf3 Kg7 35. Ne3 Ra4 36.
Rc2 Rd4 37. Rc5 Ra4 38. Rc2 Rd4 39. Nc4 $1 Rd5 40. Ke3 {/\ a4, Rb2-b5+-} g5 41.
Rd2 f4+ $5 (41... Rb5 42. Rb2 Rd5 43. a4 $18) (41... Rc5 {Kanstler} 42. Kd4 Rb5
(42... Rc8 43. Nxa5 Rd8+ 44. Kc3 $18) 43. Nd6 Rb4+ 44. Ke5 f4 45. Nf5+ $18) 42.
gxf4 gxf4+ 43. Kxf4 Rh5 44. Ne3 Kg6 45. Kg3 Rg5+ 46. Kf3 Rh5 47. Kg2 Rg5+ 48.
Kf1 Rh5 49. Kg1 Re5 50. Rg2+ Kh5 51. Kf2 Rc5 52. Kf3 a4 53. Rd2 Kg6 54. Rd6+ f6
55. Rd2 Rh5 56. Ng2 Rc5 57. Nf4+ Kh6 58. h4 a3 59. Rd3 Ra5 60. Rd6 Kg7 61. Kg4
Ra4 62. Kf5 Ra5+ 63. Rd5 Ra4 64. Nh5+ Kh6 65. Nxf6 Rxh4 66. Rd7 Rf4+ 67. Kxf4
1-0

[Event "EU-ch 2nd"]
[Site "Ohrid"]
[Date "2001.06.13"]
[Round "12"]
[White "Abbasov, Farid"]
[Black "Vasovski, Nikola"]
[Result "1/2-1/2"]
[WhiteElo "2439"]
[BlackElo "2359"]
[Annotator "Hecht,H"]
[PlyCount "92"]
[EventDate "2001.06.01"]
[EventType "swiss"]
[EventRounds "13"]
[EventCountry "YUG"]
[SourceTitle "CBM 084"]
[Source "ChessBase"]
[SourceDate "2001.09.13"]
[SourceVersion "1"]
[SourceVersionDate "2001.09.13"]
[SourceQuality "1"]

1. d4 Nf6 2. c4 e6 3. Nc3 Bb4 4. Qc2 c5 5. e3 d5 6. a3 cxd4 7. axb4 dxc3 8.
bxc3 O-O 9. Bb2 Qc7 10. cxd5 exd5 11. Nf3 Bg4 12. c4 Nbd7 13. Nd4 dxc4 14. Qxc4
Qb6 15. h3 Bh5 16. Ra5 Rac8 17. Qb3 Bg6 18. Be2 Ne4 19. h4 h6 20. h5 Bh7 21.
Rh4 a6 22. Rf4 Ndf6 23. f3 Nd6 24. Kf2 Rfe8 25. g4 Re7 26. Nf5 Bxf5 27. gxf5
Nb5 28. Bxb5 axb5 29. Bd4 Qc6 30. Rh4 Qc1 31. Ra2 Rec7 32. Bxf6 Rc2+ 33. Rxc2
Rxc2+ 34. Kg3 Qe1+ 35. Kg4 Rg2+ 36. Kf4 gxf6 37. Rg4+ Rxg4+ 38. fxg4 Qf2+ 39.
Ke4 Qe2 40. Kf4 Qc4+ 41. Qxc4 bxc4 {[#] Undichte Festung vs gedeckter Freibauer
} 42. Ke4 b5 43. Kd4 Kf8 44. Kc3 Ke7 45. Kd4 Kd6 46. Ke4 Ke7 {Möglich war hier
der Übergang in ein günstiges Damenendspiel mit 0-1 Bauern.} (46... c3 $1 47.
Kd3 Kd5 48. Kxc3 Ke4 49. Kd2 Kf3 50. Kd3 Kxg4 51. Kd4 Kxh5 52. Kc5 Kg4 53. Kxb5
h5 54. Kc5 h4 55. b5 h3 56. b6 h2 57. b7 h1=Q 58. b8=Q Qe4 $1 $17 59. Qg8+ Kf3
60. Qxf7 (60. Qh7 Qxe3+ 61. Kd6 Qe5+ 62. Kc6 Kg4 $19) 60... Qxe3+ 61. Kc6 Qe4+
62. Kd6 Qe5+ 63. Kd7 Qxf5+ 64. Ke7 Qe5+ 65. Kd8 (65. Qe6 Ke4 $19) 65... f5 $19)
1/2-1/2

[Event "FRA-ch"]
[Site "Aix les Bains"]
[Date "2003.08.22"]
[Round "5"]
[White "Vaisser, Anatoli"]
[Black "Chabanon, Jean Luc"]
[Result "1/2-1/2"]
[WhiteElo "2571"]
[BlackElo "2498"]
[Annotator "Hecht,H"]
[PlyCount "219"]
[EventDate "2003.08.18"]
[EventType "tourn"]
[EventRounds "11"]
[EventCountry "FRA"]
[EventCategory "13"]
[SourceTitle "CBM 097"]
[Source "ChessBase"]
[SourceDate "2003.11.11"]
[SourceVersion "1"]
[SourceVersionDate "2003.11.11"]
[SourceQuality "1"]

1. d4 Nf6 2. c4 e6 3. Nc3 Bb4 4. Qc2 d5 5. cxd5 Qxd5 6. e3 c5 7. Bd2 Bxc3 8.
Bxc3 cxd4 9. Bxd4 Nc6 10. Bc3 Qc5 11. Rc1 Bd7 12. Nf3 Qe7 13. Be2 e5 14. O-O
Nd5 15. Rfd1 Nxc3 16. Qxc3 f6 17. Nd2 O-O 18. Ne4 Rfd8 19. Nc5 Be8 20. Qb3+ Bf7
21. Qxb7 Rxd1+ 22. Bxd1 Qxb7 23. Nxb7 Nb4 24. a3 Nd3 25. Rc7 Nxb2 26. Bf3 Rb8
27. h4 Nc4 28. a4 a5 29. Be2 Nb6 30. Bb5 Be8 31. Nxa5 Nxa4 32. Bc4+ Kf8 33. Bd3
h5 34. Nc6 Rb6 35. Ne7 g5 36. Bg6 gxh4 37. Bxe8 Kxe8 38. Nf5 Rb1+ 39. Kh2 Rf1
40. f3 Nb2 41. Nxh4 e4 42. f4 Nd1 43. Nf5 h4 44. Kh3 Kd8 45. Rc6 Rh1+ 46. Kg4
Nf2+ 47. Kh5 h3 48. gxh3 Rxh3+ 49. Kg6 Ng4 50. Rc3 Kd7 51. Ra3 Rf3 52. Ra7+ Kc6
53. Ne7+ Kb6 54. Ra3 Kb5 55. Nd5 Kc4 56. Kf5 Rg3 57. Ke6 Kb5 58. Rb3+ Kc5 59.
Rc3+ Kb5 60. Kf5 Rg2 61. Kxe4 Rd2 62. Nc7+ Kb4 63. Rc6 f5+ 64. Kxf5 Nxe3+ 65.
Ke4 Nc4 66. Na6+ Kc3 67. Nc7 Rd4+ 68. Kf3 Kd3 69. Ne6 Rd6 70. Nc5+ Kd4 71. Rc7
Ne5+ 72. fxe5 Kxe5 {[#] Drawn ending with a defence which is easy to play. [#]
Remisendspiel mit recht einfach zu führender Verteidigung.} 73. Ke3 Rh6 74.
Nd3+ Kd6 75. Ra7 Rh3+ 76. Ke4 Rh4+ 77. Nf4 Kc5 78. Rc7+ Kb6 79. Rc1 Kb5 80. Ke5
Rh8 81. Kd4 Rh4 82. Rc5+ Kb4 83. Rf5 Rg4 84. Rf8 Kb5 85. Rb8+ Kc6 86. Ke5 Rg5+
87. Ke6 Kc5 88. Kf6 Rg1 89. Rc8+ Kb4 90. Nd3+ Kb5 91. Ke5 Rh1 92. Rc5+ Kb6 93.
Rc2 Rh5+ 94. Kd4 Rh4+ 95. Kd5 Rh5+ 96. Ne5 Kb7 97. Rb2+ Kc7 98. Rb1 Rg5 99.
Rc1+ Kb6 100. Kd6 Kb5 101. Rb1+ Ka4 102. Kd5 Rh5 103. Kc4 Rh4+ 104. Kc5 Rh5
105. Kd5 Ka3 106. Kd4 Rh4+ 107. Kc3 Rh3+ 108. Nd3 Ka4 ({even sogar} 108... Ka2
109. Rb8 Rg3 $11) 109. Rb8 Ka5 110. Kc4 1/2-1/2

[Event "St Petersburg-ch"]
[Site "St Petersburg"]
[Date "1996.??.??"]
[Round "1"]
[White "Ivanov, Sergey"]
[Black "Nepomnishay, Mikhail I"]
[Result "0-1"]
[WhiteElo "2515"]
[BlackElo "2480"]
[Annotator "Kantsler,B"]
[PlyCount "86"]
[EventDate "1996.04.??"]
[EventType "tourn"]
[EventRounds "13"]
[EventCountry "RUS"]
[EventCategory "11"]
[SourceTitle "CBM 056"]
[Source "ChessBase"]
[SourceDate "1997.02.01"]
[SourceVersion "1"]
[SourceVersionDate "1997.02.01"]
[SourceQuality "1"]

1. d4 Nf6 2. c4 e6 3. Nc3 Bb4 4. Qc2 d5 5. cxd5 Qxd5 6. Nf3 Qf5 7. Qd1 (7. Qxf5
exf5 8. a3 Bd6 9. Nb5 $1 Be6 10. e3 Nc6 11. Bd2 Ne4 12. Bd3 a6 13. Nxd6+ cxd6
14. O-O Rc8 15. Rfc1 Kd7 16. Be1 Ne7 17. Nd2 Nxd2 18. Bxd2 $14 {Alterman,
B-Yusasin,L Rishon le Zion 1996 66/(463)}) (7. Qb3 c5 8. a3 Ba5 9. Qc4 $1 Nc6
$6 (9... Bxc3+ $32) 10. dxc5 Qd5 11. Nd2 Qxc4 12. Nxc4 Bxc3+ 13. bxc3 Ne4 14.
g3 Nxc5 15. Be3 Nb3 $2 (15... Na4 $32 16. Bg2 $14) 16. Rb1 Nca5 17. Nxa5 Nxa5
18. Bg2 $16 {Alterman,B-Yudasin,L Israel-chT 1996 66/463 1:0 40}) 7... c5 8. e3
cxd4 9. exd4 Ne4 (9... O-O 10. Bd3 Qh5 11. O-O Nbd7 12. Ne2 $5 Bd6 13. Bf4 Bxf4
14. Nxf4 Qh6 15. g3 $1 {Gelfand,B-Zvjagincev,V Biel 1995 64/496 1:0 28}) 10.
Bd2 Nxd2 $5 (10... Nc6 $6 11. Bd3 $1 (11. a3 $6 Bxc3 12. bxc3 Bd7 13. Qc2 $6 (
13. Bd3 $32 $13) 13... Rc8 14. Bd3 $6 Nxd4 15. Nxd4 Qxf2+ 16. Kd1 Nc5 $17 {
Timman,J-Short,N Horgen 1995 65/522}) 11... Nxf2 $2 (11... Bxc3 $14) 12. Bxf5
Nxd1 13. Rxd1 exf5 14. d5 Nd8 15. Nb5 $1 Bxd2+ 16. Rxd2 $16 {Schandorff,
L-Parker,J Copenhagen KS 1996 1:0 67}) 11. Qxd2 O-O 12. Bd3 Qa5 13. O-O Nc6 14.
Rfe1 Bd7 15. a3 Bxc3 (15... Be7 16. b4 $14) 16. bxc3 Rac8 17. Rab1 Nd8 $5 18.
Re3 (18. Ne5 Qxc3 19. Qxc3 Rxc3 20. Nxd7 Rxd3 21. Nxf8 Kxf8 $13) 18... f6 $5 (
18... Qxc3 $4 19. Bxh7+ $18) (18... Qxa3 19. Ne5 (19. Ng5 f5 $13 (19... h6 20.
Nh7 Re8 (20... Qxc3 21. Nf6+ Kh8 (21... gxf6 $4 22. Rg3+ $18) 22. Qxc3 Rxc3 23.
Nxd7 $16) 21. Rg3 Kh8 22. Nf6 Re7 23. Qxh6+ $18) (19... g6 20. c4 $5 $40 (20.
Nxh7 $2 Kxh7 21. Rh3+ Kg7 22. Qh6+ Kf6 23. Bxg6 (23. Qh4+ g5 24. Qh6+ Ke7 25.
Qxg5+ f6 26. Rh7+ Rf7 $19) 23... Ke7 (23... fxg6 $4 24. Rf3+ $18) 24. Qg5+ f6
25. Rh7+ Nf7 26. Qh5 Rxc3 $19))) 19... Qe7 20. Rh3 $36) 19. Qc2 Qh5 20. Nd2 h6
21. Ne4 b6 22. Ng3 Qa5 23. c4 Nf7 24. Qe2 $1 {Nh5-Rg3-Xg7} e5 $1 25. Nh5 (25.
d5 $2 Nd6 26. Nh5 Be8 $17) 25... exd4 26. Rg3 Ng5 27. h4 Rce8 28. Qd1 Re5 29.
f4 $2 (29. hxg5 $16) 29... Nh3+ 30. gxh3 Rxh5 $17 31. Bg6 Rxh4 32. Qxd4 Bf5 33.
Kg2 $5 (33. Rb5 Qe1+ $19) (33. Bxf5 Qxf5) 33... Bxg6 $1 34. Rxg6 Qf5 35. Qd5+
Qxd5+ 36. cxd5 Rxf4 37. Rd1 Rd8 38. Rg3 Re4 39. Rc3 Re7 40. Kf3 Kf7 41. Kf4
Rdd7 42. a4 Re5 43. Rcd3 Rd6 0-1

[Event "RUS-Cup2"]
[Site "Moscow"]
[Date "1996.??.??"]
[Round "3"]
[White "Rychagov, Andrey"]
[Black "Zagrebelny, Sergey"]
[Result "1/2-1/2"]
[WhiteElo "2375"]
[BlackElo "2480"]
[Annotator "Kharitonov,A"]
[PlyCount "95"]
[EventDate "1996.11.28"]
[EventType "swiss"]
[EventRounds "9"]
[EventCountry "RUS"]
[SourceTitle "CBM 056 Extra"]
[Source "ChessBase"]
[SourceDate "1997.03.01"]
[SourceVersion "1"]
[SourceVersionDate "1997.03.01"]
[SourceQuality "1"]

1. d4 Nf6 2. c4 e6 3. Nc3 Bb4 4. Qc2 d5 5. cxd5 Qxd5 6. Nf3 Qf5 7. Qb3 (7. Qxf5
exf5 8. a3 Bd6 9. Nb5 $5 Be6 10. e3 Nc6 11. Bd2 $14 {Alterman,B-Yudasin,L/
Rishon le Zion/1996/}) (7. Qd1 $5 c5 (7... e5 $5 $13 {Jelen,I-Beliavsky/A/Bled/
1996/0|1/34/}) (7... Ne4 8. Bd2 Nxd2 9. Qxd2 Nc6 10. a3 Bd6 11. e4 Qf4 12. e5
Qxd2+ 13. Kxd2 Be7 14. b4 $14 {Savchenko,S-Timoshenko,G/Kiev/1995/1|0/77/}) 8.
e3 cxd4 9. exd4 Ne4 10. Bd2 Nc6 $10 {Timman,J-Short,N/Norgen/1995/0|1/31/})
7... c5 8. e3 $5 {N/} (8. a3 Bxc3+ (8... Ba5 9. Qc4 Nc6 10. dxc5 Qd5 11. Nd2
Qxc4 12. Nxc4 Bxc3+ 13. bxc3 Ne4 14. g3 $14 {Alterman,B-Yudasin,L/ISR/1996/1|0/
40/}) 9. Qxc3 Nbd7 10. g3 Ne4 11. Qe3 b6 12. dxc5 Ndxc5 13. b4 Na4 14. Bh3 $13
{Bareev,E-Beliavsky,A/Linares/1994/1|0/82/}) 8... Nc6 (8... O-O 9. Be2 Nc6 10.
O-O $13) 9. Bb5 (9. Be2 $5) 9... O-O 10. O-O Rd8 $5 (10... Bd7 $5) 11. Bxc6 $5
bxc6 12. Ne5 Ba6 $5 (12... Bd7 $5) 13. Nxc6 Rd7 14. Re1 Bxc3 15. bxc3 (15. Qxc3
$2 Ne4 16. Qc2 Bd3 $1 $19) 15... Bb7 $44 16. Ne5 (16. Qa4 $2 Qe4 $19) (16. Na5
$6 Bd5 17. c4 Be4 18. f3 cxd4 19. fxe4 Qxa5 $19) 16... Ng4 $1 17. f3 $1 (17.
Nxg4 Qxg4 18. f3 Bxf3 19. Qc2 Be4 20. Qe2 Qg5 $17) (17. f4 $2 Nxe5 18. dxe5 (
18. fxe5 Qe4 19. Qb2 cxd4 20. cxd4 Rc8 21. Re2 Rdc7 $36) 18... Qe4 19. Qb2 Rad8
$17) 17... Nxe5 18. dxe5 Qxe5 19. e4 Ba6 20. Be3 Rd3 21. Rac1 c4 (21... Rc8 22.
Qa3 Qd6 $10) 22. Qa4 (22. Qa3 Qd6 23. Bc5 Qc6 $10) 22... Qb5 23. Qxb5 Bxb5 $10
24. Kf2 e5 (24... a6 $5) 25. Rb1 a6 26. Rec1 Rc8 27. Ke2 h5 28. Rb4 Kh7 (28...
f6 29. Bd2 Kh7 30. Rcb1 Kg6 31. a4 Be8 $10) 29. Bd2 f5 $6 (29... f6 $10) 30.
exf5 e4 31. fxe4 Re8 32. Re1 $2 (32. Rf1 $1 Rxe4+ 33. Kd1 $16) 32... Rxe4+ 33.
Kd1 Rf4 34. Re2 Rxf5 35. a4 Bd7 36. Ke1 (36. Rxc4 Ra5 37. Ree4 (37. Kc2 Rdd5
$10) 37... Rad5 38. Red4 R5xd4 39. cxd4 Be6 40. Rc6 (40. Rb4 a5 41. Rb5 Rxd4
42. Rxh5+ Kg8 43. Rxa5 Rxa4 $10) 40... Bb3+ 41. Ke2 Rxd4 $10) 36... Rc5 $2 (
36... Ra5 $10) 37. Be3 Rc7 $2 (37... Ra5 $10) 38. Bd4 g5 $4 (38... Bg4 $10) 39.
Rb6 $4 (39. Re7+ Kg6 (39... Kg8 40. Rb8+ Rc8 41. Rxc8+ Bxc8 42. Re8+ $18) 40.
Rb6+ Kf5 (40... Rc6 41. Rxc6+ Bxc6 42. Re6+ $18) 41. Rf6+ Kg4 42. Re4#) 39...
Bg4 40. Re3 (40. Re8 $5 Rd1+ 41. Kf2 Rf7+ 42. Kg3 Rd3+ 43. Re3 Bc8 44. h4 gxh4+
45. Kxh4 Rxe3 46. Bxe3 $14) 40... Rd1+ 41. Kf2 h4 42. Re4 Rd2+ 43. Ke1 Rd1+ (
43... Rxg2 $2 44. Re8 Rc8 45. Re7+ Kg8 46. Rg7+ Kf8 47. Rh6 Re8+ (47... Re2+
48. Kf1 $18) 48. Kf1 $18) 44. Kf2 Rf7+ 45. Bf6 (45. Rf6 $10) 45... Rd2+ (45...
Bf5 $6 46. Re1 Rd2+ 47. Kg1 $16) 46. Kg1 Rd1+ 47. Kf2 Rd2+ 48. Kg1 1/2-1/2

[Event "Peristeri"]
[Site "Peristeri"]
[Date "1994.??.??"]
[Round "3"]
[White "Chabanon, Jean Luc"]
[Black "Frendzas, Panayotis"]
[Result "1/2-1/2"]
[WhiteElo "2475"]
[BlackElo "2380"]
[Annotator "Konikowski,J"]
[PlyCount "74"]
[EventDate "1994.??.??"]
[EventType "tourn"]
[EventRounds "9"]
[EventCountry "GRE"]
[EventCategory "9"]
[SourceTitle "CBM 046"]
[Source "ChessBase"]
[SourceDate "1995.06.01"]
[SourceVersion "1"]
[SourceVersionDate "1995.06.01"]
[SourceQuality "1"]

1. d4 Nf6 2. c4 e6 3. Nc3 Bb4 4. Qc2 d5 5. cxd5 Qxd5 6. Nf3 Qf5 (6... O-O 7.
Bd2 Bxc3 8. Bxc3 b6 9. Nd2 Bb7 10. f3 Qg5 11. e4 Nc6 12. Nb3 a5 13. Qf2 Rfd8
14. Rd1 a4 15. Nc1 a3 16. b3 e5 17. h4 Qg6 18. d5 Nd4 19. Bxd4 exd4 20. Bd3 $16
{Sokolov,I-Romanishin,O/Barcelona/1992/}) 7. Qxf5 exf5 8. a3 Be7 9. Ne5 (9. Bf4
$5) 9... c6 10. g3 Nbd7 11. Nd3 Nb6 12. Bg2 O-O 13. O-O Rd8 14. e3 Nbd5 15.
Nxd5 Nxd5 16. Bd2 a5 17. Rfc1 Nc7 18. Nc5 a4 19. Rc4 Bxc5 (19... Be6 20. Nxe6
fxe6 (20... Nxe6 $13) 21. Bb4 Bf6 $13) 20. Rxc5 Be6 (20... Ne6 21. Rc2 Ng5 22.
Rac1 Be6 23. f3 Bb3 24. Rc5 g6 25. Bb4 Ne6 26. R5c3 Rd7 27. Kf2 Nc7 $13) 21.
Ba5 Na6 22. Rc3 (22. Bxd8 Nxc5 23. Be7 (23. dxc5 $2 Rxd8 24. Bf3 Bb3 (24... Rd2
25. Rd1 $1) 25. Re1 Rd2 26. Re2 Rd1+ 27. Kg2 Bc4 28. Rc2 Bf1+ 29. Kg1 Re1 $19)
23... Ne4 24. f3 Nd2 25. Kf2 f6 26. Rc1 Nb3 27. Rc2 Kf7 28. Bb4 Rd8 $10) 22...
Rd7 23. Bf3 Bd5 24. Bd1 Nc7 25. Bxc7 Rxc7 26. h3 Re7 27. g4 f4 28. Bc2 (28.
exf4 Re1+ 29. Kh2 Re4 30. Kg3 Rxd4 31. Bc2 Re8 $15) 28... fxe3 29. fxe3 Be4 30.
Bxe4 Rxe4 31. Rf1 h5 32. gxh5 Ra5 33. Rf3 Rxh5 34. Rc4 Rb5 35. Rxa4 Rxb2 36.
Rb4 Rxb4 37. axb4 g6 1/2-1/2

[Event "St Petersburg-ch"]
[Site "St Petersburg"]
[Date "2003.04.20"]
[Round "5"]
[White "Ivanov, Sergey"]
[Black "Solozhenkin, Evgeniy"]
[Result "0-1"]
[WhiteElo "2557"]
[BlackElo "2514"]
[Annotator "Kortschnoj,V"]
[PlyCount "82"]
[EventDate "2003.04.16"]
[EventType "tourn"]
[EventRounds "13"]
[EventCountry "RUS"]
[EventCategory "11"]
[SourceTitle "CBM 095"]
[Source "ChessBase"]
[SourceDate "2003.07.25"]
[SourceVersion "1"]
[SourceVersionDate "2003.07.25"]
[SourceQuality "1"]

1. d4 Nf6 2. c4 e6 3. Nc3 Bb4 4. Qc2 d5 5. cxd5 Qxd5 6. e3 c5 7. Bd2 Bxc3 8.
bxc3 {This move comes back to us from the first half of the twentieth century
- it was applied by Alekhine in his second match against Euwe.} b6 {Giants of
the past played here simply 7...Nc6 and had been, in general, satisfied with
results of the opening. 7...b6 looks more flexible. But, who knows, - will it
succeed a check-up by, say, 50 years of practice?} 9. Nf3 Nbd7 10. Be2 {
Regarding the 13-th move of white, it seems, that after the immediate 10.c4 he
could locate his pieces more actively than it happened in the game.} Bb7 11.
O-O O-O 12. Rfd1 $5 {This natural move turns out to be a mistake. The position
has occured in the game Dao Thien Hai - Mascarinas in 2000. White played 12.
a4! and after 12...Rc8 13.Qb2 obtained some advantage. Still, I would dare to
suggest 12...Ne4, with about equal play.} (12. a4 $1) 12... Qc6 13. c4 $2 (13.
Qb2 {was obligatory. With the possible continuation:} e5 14. dxe5 Nxe5 15. c4
Nxf3+ 16. Bxf3 {with equal chances, or, if somebody wants it hotter - 16.gxf3
with a double-edged position...} (16. gxf3)) 13... cxd4 14. exd4 e5 $1 {
All of the sudden black is on the top. By the way, 15.d5 is not possible
because of 15...Nxd5 (or 15.Bb4 Rfc8 16.d5 Nxd5)} 15. Bc3 {Looks as the most
active, although regarding the game continuation, a simplifying way would be
none less solid:} (15. dxe5 Nxe5 16. Bc3 Rfe8 17. Bxe5 Rxe5 18. Bf1 Rc5 (18...
Qxf3 $5 {is worth of consideration.}) 19. Nd4 Qc7 20. Qb3) 15... exd4 16. Rxd4
Rfe8 17. Rad1 Qe6 18. Bf1 $2 {Already the losing move.} (18. Kf1 $1 {was
called for.}) 18... Bxf3 19. gxf3 Ne5 20. Bg2 Rac8 21. f4 Nc6 $1 {P c4 is
doomed. But black will capture it in the most delicate way.} (21... Nxc4 {
would lead to complications after} 22. Re1 {since taking on e1 does not work:}
Qxe1+ 23. Bxe1 Rxe1+ 24. Bf1 Rxf1+ $2 25. Kxf1 Ne3+ 26. fxe3 Rxc2 27. Rd8+) 22.
R4d2 Ne7 23. Qd3 (23. Bf1 {is losing the pawn f4 after} Qg4+ {what could
appear even more painful to white.}) 23... Qxc4 24. Qxc4 Rxc4 25. Bxf6 gxf6 26.
Rd7 Ra4 27. R1d2 ({Or} 27. Re1 Kf8 28. Rd2 Rxf4 29. Rde2 Rc4 {and then Rc7,
having rid of the pin along the e-file.}) 27... Ng6 28. Bc6 Re1+ 29. Kg2 Ra3 {
New problems for white - mate in one - Nh4 is threatening.} 30. f3 Nxf4+ 31.
Kg3 Ne6 32. Re7 f5 33. Rdd7 f4+ 34. Kf2 {Loses without resistence. More
problems would render to white} (34. Kh4 Rxa2 35. h3 {But there were several
ways to solve them.} Re5 36. Bd5 (36. Rxf7 Nf8) 36... Rd2 37. Re8+ Kg7 38. Bxe6
Rxe6) 34... Rae3 35. Bb5 Rb1 36. Bd3 Rb2+ 37. Kf1 Rxf3+ 38. Kg1 Re3 39. Bf1 Ng5
40. Bg2 Rb1+ 41. Kf2 Rb2+ 0-1